000 00611 a2200181 4500
020 _a0387946144
020 _a9780387946146
082 0 4 _a515
090 _c1543
_d1543
100 1 _aBrowder, Andrew.
245 1 0 _aMathematical analysis :
_ban introduction /
_cAndrew Browder.
260 _a[S.l.] :
_bSpringer,
_c1996.
300 _a370 p. ;
_c24 cm.
490 1 _aUndergraduate texts in mathematics.
830 0 _aUndergraduate texts in mathematics.
942 _aSNS
_cBK
_k515 BRO
999 _c30154
_d30154